Random 20 Superbowl Winners - Statistics

General Stats
  • This quiz has been taken 30 times
  • The average score is 13 of 20
Answer Stats
Year Team % Correct
2016 Denver Broncos
100%
1967 Green Bay Packers
100%
1970 Kansas City Chiefs
100%
2004 New England Patriots
100%
2017 New England Patriots
100%
2012 New York Giants
100%
1969 New York Jets
100%
1989 San Francisco 49ers
100%
2014 Seattle Seahawks
100%
1999 Denver Broncos
80%
2002 New England Patriots
80%
2000 St. Louis Rams
80%
1981 Oakland Raiders
75%
2018 Philadelphia Eagles
75%
2020 Kansas City Chiefs
71%
1984 Los Angeles Raiders
71%
2013 Baltimore Ravens
67%
1968 Green Bay Packers
67%
1980 Pittsburgh Steelers
67%
2009 Pittsburgh Steelers
67%
1996 Dallas Cowboys
60%
1990 San Francisco 49ers
57%
1971 Baltimore Colts
50%
2001 Baltimore Ravens
50%
1986 Chicago Bears
50%
1978 Dallas Cowboys
50%
1993 Dallas Cowboys
50%
1994 Dallas Cowboys
50%
2007 Indianapolis Colts
50%
2015 New England Patriots
50%
2019 New England Patriots
50%
1987 New York Giants
50%
1976 Pittsburgh Steelers
50%
2006 Pittsburgh Steelers
50%
1982 San Francisco 49ers
50%
1985 San Francisco 49ers
50%
1983 Washington Redskins
50%
1988 Washington Redskins
50%
1992 Washington Redskins
50%
1973 Miami Dolphins
40%
1975 Pittsburgh Steelers
40%
1998 Denver Broncos
33%
2005 New England Patriots
33%
2010 New Orleans Saints
33%
1991 New York Giants
33%
1972 Dallas Cowboys
25%
1997 Green Bay Packers
25%
1974 Miami Dolphins
25%
1977 Oakland Raiders
25%
1995 San Francisco 49ers
25%
2003 Tampa Bay Buccaneers
25%
2011 Green Bay Packers
0%
2008 New York Giants
0%
1979 Pittsburgh Steelers
0%
No matching quizzes found
Score Distribution
Percent of People with Each Score
Percentile by Number Answered
Your Score History
You have not taken this quiz